000 01071nac a22003377a 4500
001 BR9700047
003 BR-BrBNA
005 20240105121842.0
008 230509b bl.|||m| |||| 00| 0 por d
040 _aBR-BrBNA
_bpor
_cBiblioteca Nacional de Agricultura
072 _aF60
090 _a0316 BR9700047
100 1 _aAraujo, E.C.E.
100 1 _aMendes, A.M. de C.
100 1 _aRibeiro, F.E.
110 1 _aCentro de Pesquisa Agropecuaria do Meio-Norte, Teresina, PI (Brasil)
245 1 _aComportamento fenologico do babacu (Orbignya phalerata Mart.)em tres tipos de solo do Piaui
260 3 _aTeresina, PI (Brasil):
_c1996.
300 _a15 p.
490 _aBoletim de Pesquisa - Centro de Pesquisa Agropecuaria do Meio-Norte (Brazil)
_vno. 15
_x
500 _aSummary (Pt); 7 ref.; 5 illus.
650 _aBabacu
650 _aFolha
650 _aPalmeira Oleaginosa
650 _aAnalise Foliar
650 _aFotossintese
650 _aSolo
650 _aPiaui
909 _a202312
_bLúcia Elande
_c55
_dLúcia Elande
942 _2AGRIS
_n0
_cMS
999 _c287840
_d287840